000 00341nam a2200145Ia 4500
005 20251222144823.0
008 251222s9999||||xx |||||||||||||| ||spa||
020 _a84-7118-465-6
082 _a272.9/S85
100 _aSuárez Fernández, Luis
245 0 _aRaíces cristianas de Europa
250 _a2a.ed.
264 _bMC
942 _cLIB
999 _c20555
_d20555